[Event "Madrid-chT 2324"]
[Site "Madrid"]
[Date "2023.12.03"]
[Round "3.6"]
[White "Gutierrez Diaz, Pablo"]
[Black "Rodriguez Lopez, David"]
[Result "0-1"]
[WhiteElo "1905"]
[BlackElo "2155"]
[PlyCount "110"]
[EventDate "2023.11.19"]
[EventType "team-tourn"]
[EventRounds "14"]
[EventCountry "ESP"]
[SourceTitle "AjedrezenMadrid"]
[Source "lmi"]
[SourceDate "2023.11.19"]
[SourceVersion "1"]
[SourceVersionDate "2024.03.19"]
[SourceQuality "1"]
[WhiteTeam "Villalba 64"]
[BlackTeam "Tajamar"]
[WhiteTeamCountry "ESP"]
[BlackTeamCountry "ESP"]

1. e4 e5 2. Nf3 Nc6 3. d4 exd4 4. Nxd4 Nf6 5. Nxc6 bxc6 6. Qe2 Bb4+ 7. c3 Be7
8. e5 Nd5 9. c4 Nb6 10. Qg4 g6 11. Bh6 d5 12. Qf3 Bf8 13. Bxf8 Kxf8 14. Nc3 Kg7
15. O-O-O Qg5+ 16. Qe3 Qxe3+ 17. fxe3 dxc4 18. Be2 Re8 19. Bf3 Bb7 20. Rd2 Rxe5
21. e4 Rae8 22. Rhd1 Nc8 23. Rd7 R8e7 24. Rd8 Nd6 25. Na4 c5 26. Rb8 Bxe4 27.
Bxe4 Nxe4 28. Ra8 Nf2 29. Rf1 Nd3+ 30. Kb1 Re1+ 31. Rxe1 Rxe1+ 32. Kc2 Nb4+ 33.
Kd2 Rg1 34. Rxa7 Rxg2+ 35. Ke3 Rxh2 36. a3 Nd3 37. Rxc7 Nxb2 38. Nxc5 Rh3+ 39.
Kd2 Rxa3 40. Ne4 Rf3 41. Kc2 Rf4 42. Ng5 Rf2+ 43. Kc3 Nd1+ 44. Kd4 Rf4+ 45. Ne4
Nf2 46. Ke3 Rxe4+ 47. Kxf2 h5 48. Kf3 Rg4 49. Rc5 g5 50. Rc7 Kg6 51. Rc5 Rf4+
52. Kg2 h4 53. Rc8 Rd4 54. Rc5 g4 55. Kf2 f5 0-1

[Event "Madrid-chT 2324"]
[Site "Madrid"]
[Date "2023.12.03"]
[Round "3.6"]
[White "Hernandez Ramos, Alberto"]
[Black "Guillo Longares, Cecilia"]
[Result "0-1"]
[WhiteElo "2026"]
[BlackElo "2088"]
[PlyCount "54"]
[EventDate "2023.11.19"]
[EventType "team-tourn"]
[EventRounds "14"]
[EventCountry "ESP"]
[SourceTitle "AjedrezenMadrid"]
[Source "lmi"]
[SourceDate "2023.11.19"]
[SourceVersion "1"]
[SourceVersionDate "2024.03.19"]
[SourceQuality "1"]
[WhiteTeam "San Sebastian de los Reyes"]
[BlackTeam "Mostoles"]
[WhiteTeamCountry "ESP"]
[BlackTeamCountry "ESP"]

1. d4 Nf6 2. Nf3 g6 3. c4 Bg7 4. Nc3 d5 5. cxd5 Nxd5 6. Nxd5 Qxd5 7. g3 c5 8.
Be3 cxd4 9. Bxd4 Qa5+ 10. Qd2 Qxd2+ 11. Kxd2 Bh6+ 12. e3 O-O 13. Bc4 Nc6 14.
Bc3 Bg4 15. Nd4 Rfd8 16. Kc2 Nxd4+ 17. Bxd4 Rac8 18. Kb3 Bf3 19. Rhe1 Rd6 20.
Bb5 a6 21. Be2 Bd5+ 22. Ka3 Rdc6 23. Bd3 Bf8 24. Ka4 e5 25. Bxe5 Bc4 26. Be4
Bb5+ 27. Kb3 Rc4 0-1

[Event "Madrid-chT 2324"]
[Site "Madrid"]
[Date "2023.12.03"]
[Round "3.6"]
[White "Rodriguez Lopez, Ruben"]
[Black "Garcia Burguillo, Javier"]
[Result "0-1"]
[WhiteElo "1896"]
[BlackElo "1946"]
[PlyCount "90"]
[EventDate "2023.11.19"]
[EventType "team-tourn"]
[EventRounds "14"]
[EventCountry "ESP"]
[SourceTitle "AjedrezenMadrid"]
[Source "lmi"]
[SourceDate "2023.11.19"]
[SourceVersion "1"]
[SourceVersionDate "2024.03.19"]
[SourceQuality "1"]
[WhiteTeam "San Fernando de Henares"]
[BlackTeam "Collado Villalba"]
[WhiteTeamCountry "ESP"]
[BlackTeamCountry "ESP"]

1. e4 c5 2. Nf3 d6 3. d4 cxd4 4. Nxd4 Nf6 5. Nc3 g6 6. Be3 Bg7 7. f3 O-O 8. Qd2
Nc6 9. O-O-O a6 10. g4 Nxd4 11. Bxd4 Be6 12. Kb1 b5 13. h4 Rc8 14. h5 b4 15.
Nd5 Bxd5 16. exd5 Qa5 17. hxg6 hxg6 18. Bxf6 Bxf6 19. Qh6 Rfe8 20. Bd3 Bg7 21.
Qh7+ Kf8 22. Bxg6 Qa4 23. Bf5 Rc5 24. Be6 Ra5 25. Qf5 Qxa2+ 26. Kc1 Qxb2+ 27.
Kd2 Qf6 28. Qxf6 Bxf6 29. Bf5 Rxd5+ 30. Bd3 a5 31. Ke3 Rc5 32. Rh5 Rec8 33.
Rdh1 a4 34. Rxc5 Rxc5 35. Rh5 Rxh5 36. gxh5 Kg7 37. Kf4 d5 38. c4 bxc3 39. Ke3
Kh6 40. Bc2 a3 41. Bb3 e6 42. f4 Kxh5 43. f5 Kg5 44. fxe6 fxe6 45. Kf3 c2 0-1

[Event "Madrid-chT 2324"]
[Site "Madrid"]
[Date "2023.12.03"]
[Round "3.6"]
[White "Rodriguez Melendez, Juan Humbert"]
[Black "Cubas Cabrera, Angel Luis"]
[Result "1/2-1/2"]
[WhiteElo "2062"]
[BlackElo "2184"]
[PlyCount "98"]
[EventDate "2023.11.19"]
[EventType "team-tourn"]
[EventRounds "14"]
[EventCountry "ESP"]
[SourceTitle "AjedrezenMadrid"]
[Source "lmi"]
[SourceDate "2023.11.19"]
[SourceVersion "1"]
[SourceVersionDate "2024.03.19"]
[SourceQuality "1"]
[WhiteTeam "Blanco y Negro"]
[BlackTeam "Alcorcon Diagonal"]
[WhiteTeamCountry "ESP"]
[BlackTeamCountry "ESP"]

1. d4 Nf6 2. c4 e6 3. g3 d5 4. Bg2 Bb4+ 5. Nd2 O-O 6. Ngf3 dxc4 7. Qc2 a6 8.
Qxc4 Be7 9. O-O b5 10. Qc2 Bb7 11. b3 Nbd7 12. Bb2 Rc8 13. Rad1 c5 14. dxc5
Bxc5 15. Qb1 Qc7 16. Qa1 Rfd8 17. a3 Be7 18. b4 Qb8 19. Nb3 Bd5 20. Na5 Qa8 21.
Rc1 Bf8 22. Bd4 Ne8 23. Nh4 Bxg2 24. Nxg2 Nd6 25. Ne3 Rxc1 26. Rxc1 Rc8 27. f3
h5 28. Rc3 e5 29. Rxc8 Qxc8 30. Bxe5 Nxe5 31. Qxe5 Qc1+ 32. Kf2 Qxa3 33. Nc6
Qc1 34. Ne7+ Bxe7 35. Qxe7 Qc6 36. Qg5 Nc4 37. Nd5 Qd6 38. Qxh5 a5 39. bxa5 b4
40. Qf5 Nxa5 41. Ne7+ Qxe7 42. Qxa5 b3 43. Qb6 Qa3 44. Qd8+ Kh7 45. Qh4+ Kg8
46. Qd8+ Kh7 47. Qh4+ Kg6 48. Qe4+ Kf6 49. Qc6+ Ke7 1/2-1/2

[Event "Madrid-chT 2324"]
[Site "Madrid"]
[Date "2023.12.16"]
[Round "4.1"]
[White "Taboas Rodriguez, Daniel"]
[Black "Centron Antuna, Daniel"]
[Result "1/2-1/2"]
[WhiteElo "2365"]
[BlackElo "2217"]
[PlyCount "79"]
[EventDate "2023.11.19"]
[EventType "team-tourn"]
[EventRounds "14"]
[EventCountry "ESP"]
[SourceTitle "AjedrezenMadrid"]
[Source "lmi"]
[SourceDate "2023.11.19"]
[SourceVersion "1"]
[SourceVersionDate "2024.03.19"]
[SourceQuality "1"]
[WhiteTeam "Blanco y Negro"]
[BlackTeam "Tajamar"]
[WhiteTeamCountry "ESP"]
[BlackTeamCountry "ESP"]

1. d4 d5 2. Nf3 Nf6 3. c4 dxc4 4. e3 e6 5. Bxc4 c5 6. O-O a6 7. b3 cxd4 8. Nxd4
Be7 9. Bb2 O-O 10. Be2 Bd7 11. Bf3 e5 12. Nc2 e4 13. Be2 Qa5 14. Nd2 Rd8 15.
Nd4 Nc6 16. Nc4 Qg5 17. Kh1 Bc5 18. Rc1 b5 19. Nd2 Nxd4 20. Bxd4 Bxd4 21. exd4
Rac8 22. Rxc8 Bxc8 23. f3 Rxd4 24. Nxe4 Rxd1 25. Nxg5 Rd2 26. Rc1 Bf5 27. g4 h6
28. gxf5 hxg5 29. Bd1 Rxa2 30. Rc8+ Kh7 31. Bc2 Nd5 32. Be4 Ne3 33. f6+ g6 34.
h3 g4 35. hxg4 Kh6 36. Rc7 Kg5 37. Rxf7 Kf4 38. Rc7 Kg3 39. Rc1 Rh2+ 40. Kg1
1/2-1/2

[Event "Madrid-chT 2324"]
[Site "Madrid"]
[Date "2023.12.17"]
[Round "4.1"]
[White "Fernandez Blazquez, Diego"]
[Black "Sanz Wawer, Daniel"]
[Result "0-1"]
[WhiteElo "2229"]
[BlackElo "2387"]
[PlyCount "54"]
[EventDate "2023.11.19"]
[EventType "team-tourn"]
[EventRounds "14"]
[EventCountry "ESP"]
[SourceTitle "AjedrezenMadrid"]
[Source "lmi"]
[SourceDate "2023.11.19"]
[SourceVersion "1"]
[SourceVersionDate "2024.03.19"]
[SourceQuality "1"]
[WhiteTeam "San Fernando de Henares"]
[BlackTeam "Alcorcon Diagonal"]
[WhiteTeamCountry "ESP"]
[BlackTeamCountry "ESP"]

1. Nf3 Nf6 2. c4 e6 3. g3 d5 4. Bg2 Be7 5. O-O O-O 6. b3 b6 7. Bb2 Bb7 8. e3 c5
9. Nc3 Nbd7 10. Qe2 Qc7 11. d3 Rad8 12. Rad1 Qb8 13. Ne1 a6 14. cxd5 Nxd5 15.
Nxd5 Bxd5 16. Bxd5 exd5 17. d4 Qb7 18. Qf3 Bf6 19. Ng2 cxd4 20. Bxd4 Bxd4 21.
Rxd4 Ne5 22. Qf4 Rfe8 23. Rfd1 Rd6 24. Ne1 h6 25. Qf5 Nc6 26. Rxd5 Ne7 27. Qe4
Rxd5 0-1

[Event "Madrid-chT 2324"]
[Site "Madrid"]
[Date "2023.12.17"]
[Round "4.1"]
[White "Moreno Ruiz, Javier"]
[Black "Vazquez Igarza, Renier"]
[Result "1/2-1/2"]
[WhiteElo "2401"]
[BlackElo "2517"]
[PlyCount "105"]
[EventDate "2023.11.19"]
[EventType "team-tourn"]
[EventRounds "14"]
[EventCountry "ESP"]
[SourceTitle "AjedrezenMadrid"]
[Source "lmi"]
[SourceDate "2023.11.19"]
[SourceVersion "1"]
[SourceVersionDate "2024.03.19"]
[SourceQuality "1"]
[WhiteTeam "Mostoles"]
[BlackTeam "Collado Villalba"]
[WhiteTeamCountry "ESP"]
[BlackTeamCountry "ESP"]

1. e4 e5 2. Nf3 Nc6 3. Nc3 Nf6 4. d4 exd4 5. Nxd4 Bb4 6. Nxc6 bxc6 7. Bd3 d5 8.
Bd2 Rb8 9. O-O O-O 10. Re1 Bg4 11. Qc1 Be6 12. a3 Be7 13. b4 Re8 14. h3 Bf8 15.
Re2 c5 16. exd5 Nxd5 17. Ne4 cxb4 18. Ng5 g6 19. Nxe6 Rxe6 20. Rxe6 fxe6 21.
axb4 Nxb4 22. Bc4 Nd5 23. Qe1 Qf6 24. Bg5 Qxg5 25. Qxe6+ Kh8 26. Qxd5 Qxd5 27.
Bxd5 Bc5 28. Kf1 Rd8 29. Rd1 a5 30. Bf3 Rb8 31. Ra1 Rb2 32. Be4 Bb6 33. Ke2 Kg7
34. f4 Rb4 35. Kf3 Rd4 36. Bd3 Rb4 37. Be4 Kf6 38. g4 Rc4 39. Bd3 Rd4 40. Re1
a4 41. Re4 a3 42. Rxd4 Bxd4 43. Bc4 h6 44. Ke4 Bb2 45. Bb3 Bc1 46. Ba2 c6 47.
Bb3 Ke7 48. f5 gxf5+ 49. Kxf5 Kd6 50. Ke4 Bg5 51. Ba2 Kc5 52. Bb3 Kb4 53. Kd3
1/2-1/2

[Event "Madrid-chT 2324"]
[Site "Madrid"]
[Date "2023.12.17"]
[Round "4.1"]
[White "Reyes Larena, Juan"]
[Black "Alonso Garcia, Aaron"]
[Result "0-1"]
[WhiteElo "2443"]
[BlackElo "2444"]
[PlyCount "86"]
[EventDate "2023.11.19"]
[EventType "team-tourn"]
[EventRounds "14"]
[EventCountry "ESP"]
[SourceTitle "AjedrezenMadrid"]
[Source "lmi"]
[SourceDate "2023.11.19"]
[SourceVersion "1"]
[SourceVersionDate "2024.03.19"]
[SourceQuality "1"]
[WhiteTeam "San Sebastian de los Reyes"]
[BlackTeam "Villalba 64"]
[WhiteTeamCountry "ESP"]
[BlackTeamCountry "ESP"]

1. e4 e6 2. d4 d5 3. Nc3 Nf6 4. e5 Nfd7 5. Nf3 c5 6. dxc5 Nc6 7. Bf4 Bxc5 8.
Bd3 a6 9. a3 Ba7 10. O-O h6 11. Bg3 g5 12. h3 h5 13. Re1 g4 14. hxg4 hxg4 15.
Nh2 Rg8 16. Nxd5 exd5 17. Bf5 Qg5 18. Qxg4 Ne7 19. e6 Nxf5 20. exd7+ Kxd7 21.
Qxg5 Rxg5 22. Bf4 Rg8 23. Nf3 f6 24. Rad1 Kc6 25. Rd3 d4 26. c3 Bd7 27. cxd4
Kd5 28. Rb3 Bc6 29. Bc7 Rae8 30. Rc1 Re4 31. Bb6 Bxb6 32. Rxb6 Nxd4 33. Nxd4
Rxd4 34. Rc2 Rc4 35. Rxc4 Kxc4 36. Rb4+ Kd3 37. f3 Ke3 38. Rb3+ Ke2 39. Rc3 Rd8
40. b4 Rd3 41. Rc2+ Kd1 42. Rc4 Rxa3 43. Rf4 Ra4 0-1

[Event "Madrid-chT 2324"]
[Site "Madrid"]
[Date "2023.12.16"]
[Round "4.2"]
[White "Mkrtchyan, Levon"]
[Black "Martinez Reyes, Pedro Ramon"]
[Result "1/2-1/2"]
[WhiteElo "2252"]
[BlackElo "2342"]
[PlyCount "30"]
[EventDate "2023.11.19"]
[EventType "team-tourn"]
[EventRounds "14"]
[EventCountry "ESP"]
[SourceTitle "AjedrezenMadrid"]
[Source "lmi"]
[SourceDate "2023.11.19"]
[SourceVersion "1"]
[SourceVersionDate "2024.03.19"]
[SourceQuality "1"]
[WhiteTeam "Tajamar"]
[BlackTeam "Blanco y Negro"]
[WhiteTeamCountry "ESP"]
[BlackTeamCountry "ESP"]

1. e4 e6 2. d4 d5 3. Nd2 c5 4. exd5 Qxd5 5. Ngf3 cxd4 6. Bc4 Qd6 7. O-O Nc6 8.
Nb3 Nf6 9. Nbxd4 Nxd4 10. Nxd4 Be7 11. c3 O-O 12. Qf3 Qc7 13. Bb3 a5 14. a4 Bd7
15. Bg5 Nd5 1/2-1/2

[Event "Madrid-chT 2324"]
[Site "Madrid"]
[Date "2023.12.17"]
[Round "4.2"]
[White "Quispe Arteaga, Gabriel"]
[Black "Beltran de Heredia Eguiaz, Miguel Angel"]
[Result "1/2-1/2"]
[WhiteElo "2387"]
[BlackElo "2211"]
[PlyCount "83"]
[EventDate "2023.11.19"]
[EventType "team-tourn"]
[EventRounds "14"]
[EventCountry "ESP"]
[SourceTitle "AjedrezenMadrid"]
[Source "lmi"]
[SourceDate "2023.11.19"]
[SourceVersion "1"]
[SourceVersionDate "2024.03.19"]
[SourceQuality "1"]
[WhiteTeam "Collado Villalba"]
[BlackTeam "Mostoles"]
[WhiteTeamCountry "ESP"]
[BlackTeamCountry "ESP"]

1. c4 e6 2. Nc3 d5 3. d4 Nf6 4. cxd5 exd5 5. Bg5 Bb4 6. e3 Nbd7 7. Bd3 c5 8.
Nge2 h6 9. Bh4 c4 10. Bc2 O-O 11. O-O Nb6 12. f3 Be7 13. Bf2 Re8 14. Kh1 g6 15.
e4 dxe4 16. fxe4 Ng4 17. Bg1 Bg5 18. Nf4 h5 19. Qf3 Nh6 20. h3 Kg7 21. e5 Rh8
22. e6 Bxe6 23. d5 Bg4 24. Bd4+ Kg8 25. Qf2 Bf5 26. Bxh8 Kxh8 27. Nxh5 Bxc2 28.
Qd4+ f6 29. Nxf6 Bxf6 30. Rxf6 Kh7 31. Rf2 Bd3 32. Re1 Qd7 33. Qe5 Nf5 34. a4
Rd8 35. Qf6 Re8 36. Re6 Rxe6 37. dxe6 Qg7 38. Qd8 Qe5 39. Rxf5 Bxf5 40. Qh4+
Kg7 41. Qe7+ Kh6 42. Qh4+ 1/2-1/2

[Event "Madrid-chT 2324"]
[Site "Madrid"]
[Date "2023.12.17"]
[Round "4.2"]
[White "Rey Martinez, Jaime"]
[Black "Perez Gonzalez, Jose Manuel"]
[Result "1-0"]
[WhiteElo "2336"]
[BlackElo "2195"]
[PlyCount "83"]
[EventDate "2023.11.19"]
[EventType "team-tourn"]
[EventRounds "14"]
[EventCountry "ESP"]
[SourceTitle "AjedrezenMadrid"]
[Source "lmi"]
[SourceDate "2023.11.19"]
[SourceVersion "1"]
[SourceVersionDate "2024.03.19"]
[SourceQuality "1"]
[WhiteTeam "Alcorcon Diagonal"]
[BlackTeam "San Fernando de Henares"]
[WhiteTeamCountry "ESP"]
[BlackTeamCountry "ESP"]

1. e4 c5 2. Nf3 g6 3. d4 cxd4 4. Nxd4 Nc6 5. c4 Nf6 6. Nc3 d6 7. Be2 Bg7 8. Be3
O-O 9. f3 Bd7 10. Qd2 Nxd4 11. Bxd4 a5 12. h4 Bc6 13. h5 a4 14. a3 Qa5 15. g4
Rfc8 16. Kf2 Bd7 17. h6 Bh8 18. c5 Be6 19. cxd6 exd6 20. Kg2 Bc4 21. Rad1 Bxe2
22. Qxe2 Ra6 23. Rd2 Ne8 24. Bxh8 Kxh8 25. Rd5 Rc5 26. Rhd1 Rxd5 27. exd5 Qd8
28. Re1 Ra8 29. Nxa4 Nf6 30. Nc3 Ng8 31. Qe3 g5 32. Ne4 f6 33. Qd4 Qe7 34. Nxg5
Qf8 35. Re6 Rd8 36. Ne4 Qxh6 37. Nxf6 Qg7 38. Qb6 Rc8 39. Nh5 Rc2+ 40. Kg3 Qxb2
41. Qxb2+ Rxb2 42. Re8 1-0

[Event "Madrid-chT 2324"]
[Site "Madrid"]
[Date "2023.12.17"]
[Round "4.2"]
[White "Trost, Edvin"]
[Black "Rottenwohrer Suarez, Juan"]
[Result "1-0"]
[WhiteElo "2434"]
[BlackElo "2285"]
[PlyCount "78"]
[EventDate "2023.11.19"]
[EventType "team-tourn"]
[EventRounds "14"]
[EventCountry "ESP"]
[SourceTitle "AjedrezenMadrid"]
[Source "lmi"]
[SourceDate "2023.11.19"]
[SourceVersion "1"]
[SourceVersionDate "2024.03.19"]
[SourceQuality "1"]
[WhiteTeam "Villalba 64"]
[BlackTeam "San Sebastian de los Reyes"]
[WhiteTeamCountry "ESP"]
[BlackTeamCountry "ESP"]

1. e4 c5 2. Nf3 Nc6 3. d4 cxd4 4. Nxd4 Nf6 5. Nc3 e5 6. Ndb5 d6 7. Nd5 Nxd5 8.
exd5 Nb8 9. a4 Be7 10. b4 Bf5 11. a5 Nd7 12. Be2 O-O 13. O-O Bg6 14. c4 a6 15.
Na3 f5 16. c5 Kh8 17. Nc4 dxc5 18. d6 Bf6 19. Qb3 e4 20. Rb1 Bd4 21. Bf4 Bf7
22. Qg3 Bf6 23. bxc5 g5 24. Bc1 f4 25. Qh3 Nxc5 26. Nb6 Rb8 27. Ba3 f3 28. Bxc5
g4 29. Qh6 fxe2 30. Rfe1 Bg6 31. Rbc1 Bg7 32. Qe3 Rf3 33. gxf3 gxf3 34. Kh1 Qh4
35. Bd4 Rf8 36. Rc7 Qg4 37. Bxg7+ Kg8 38. Rg1 Rf4 39. Rxg4 Rxg4 1-0

[Event "Madrid-chT 2324"]
[Site "Madrid"]
[Date "2023.12.16"]
[Round "4.3"]
[White "Hidalgo Duque, Carlos"]
[Black "Rodriguez Avila, Alvaro"]
[Result "1-0"]
[WhiteElo "2280"]
[BlackElo "2176"]
[PlyCount "87"]
[EventDate "2023.11.19"]
[EventType "team-tourn"]
[EventRounds "14"]
[EventCountry "ESP"]
[SourceTitle "AjedrezenMadrid"]
[Source "lmi"]
[SourceDate "2023.11.19"]
[SourceVersion "1"]
[SourceVersionDate "2024.03.19"]
[SourceQuality "1"]
[WhiteTeam "Blanco y Negro"]
[BlackTeam "Tajamar"]
[WhiteTeamCountry "ESP"]
[BlackTeamCountry "ESP"]

1. Nf3 Nf6 2. c4 e6 3. g3 d5 4. d4 Be7 5. Bg2 O-O 6. O-O dxc4 7. Qc2 b5 8. a4
Bb7 9. axb5 a6 10. bxa6 Nxa6 11. Qxc4 Bd5 12. Qc2 Nb4 13. Rxa8 Nxc2 14. Rxd8
Rxd8 15. Bf4 Bxf3 16. Bxf3 Nxd4 17. Bxc7 Nxf3+ 18. exf3 Rd3 19. Kg2 Nd5 20. Be5
f6 21. Bc3 e5 22. Re1 Kf7 23. Re2 Rd1 24. Nd2 Ke6 25. Nc4 Rd3 26. Rd2 Rxd2 27.
Bxd2 Kd7 28. Ne3 Nc7 29. Kf1 Kc6 30. Ke2 Nb5 31. Bc3 Kc5 32. Kd3 Bf8 33. Nc2
Kb6 34. Kc4 Bc5 35. Ba5+ Kc6 36. Nb4+ Bxb4 37. Bxb4 Nd4 38. f4 Nf3 39. fxe5
Nxe5+ 40. Kd4 Nf3+ 41. Ke3 Nxh2 42. f3 g5 43. g4 Kb5 44. Bc3 1-0

[Event "Madrid-chT 2324"]
[Site "Madrid"]
[Date "2023.12.17"]
[Round "4.3"]
[White "Alfaya Marcelo, Roberto"]
[Black "Abbasifar, Hasan"]
[Result "1-0"]
[WhiteElo "2262"]
[BlackElo "2310"]
[PlyCount "145"]
[EventDate "2023.11.19"]
[EventType "team-tourn"]
[EventRounds "14"]
[EventCountry "ESP"]
[SourceTitle "AjedrezenMadrid"]
[Source "lmi"]
[SourceDate "2023.11.19"]
[SourceVersion "1"]
[SourceVersionDate "2024.03.19"]
[SourceQuality "1"]
[WhiteTeam "San Sebastian de los Reyes"]
[BlackTeam "Villalba 64"]
[WhiteTeamCountry "ESP"]
[BlackTeamCountry "ESP"]

1. c4 Nf6 2. e3 e5 3. Nc3 d6 4. d4 Nbd7 5. Nf3 c6 6. Qc2 Be7 7. Be2 Qc7 8. O-O
Nf8 9. h3 g5 10. Nxg5 Rg8 11. h4 h6 12. Nge4 Nxe4 13. Nxe4 Bxh4 14. dxe5 dxe5
15. Rd1 Be7 16. Qd3 Be6 17. Nd6+ Bxd6 18. Qxd6 Qxd6 19. Rxd6 Rd8 20. Rxd8+ Kxd8
21. b3 Bg4 22. f3 Bh3 23. Bf1 Be6 24. Bb2 Ng6 25. Kf2 Kc7 26. Bd3 Rd8 27. Ke2
Rg8 28. Bc3 f6 29. Rh1 Ne7 30. g4 Rh8 31. g5 Nf5 32. Bxf5 Bxf5 33. gxf6 Kd6 34.
Rh5 Bb1 35. c5+ Kxc5 36. Rxe5+ Kb6 37. Re7 Rf8 38. Kd2 a5 39. Kc1 Bg6 40. Rg7
Bh5 41. Rg3 Bf7 42. e4 a4 43. bxa4 Bxa2 44. f4 Re8 45. Re3 Kc5 46. f5 b5 47.
axb5 cxb5 48. e5 b4 49. Bd2 Rf8 50. Rh3 Bf7 51. Bxh6 Rc8 52. e6 Kd5+ 53. Kb2
Bxe6 54. fxe6 Kxe6 55. Bg7 Kf7 56. Kb3 Rb8 57. Re3 Kg6 58. Re4 Rb7 59. Rxb4 Rc7
60. Rc4 Rb7+ 61. Kc3 Kf7 62. Rc5 Ra7 63. Kd4 Rd7+ 64. Ke5 Rd1 65. Rd5 Re1+ 66.
Kd6 Re6+ 67. Kc7 Re1 68. Rd7+ Kg6 69. Kd8 Re2 70. Bh8 Rh2 71. Rg7+ Kf5 72. f7
Rxh8+ 73. Rg8 1-0

[Event "Madrid-chT 2324"]
[Site "Madrid"]
[Date "2023.12.17"]
[Round "4.3"]
[White "Jimenez Lopez, Antonio"]
[Black "Horcajuelo Rocamora, Martin"]
[Result "1-0"]
[WhiteElo "2182"]
[BlackElo "2296"]
[PlyCount "103"]
[EventDate "2023.11.19"]
[EventType "team-tourn"]
[EventRounds "14"]
[EventCountry "ESP"]
[SourceTitle "AjedrezenMadrid"]
[Source "lmi"]
[SourceDate "2023.11.19"]
[SourceVersion "1"]
[SourceVersionDate "2024.03.19"]
[SourceQuality "1"]
[WhiteTeam "San Fernando de Henares"]
[BlackTeam "Alcorcon Diagonal"]
[WhiteTeamCountry "ESP"]
[BlackTeamCountry "ESP"]

1. e4 c5 2. Nf3 d6 3. c3 Nf6 4. h3 g6 5. Bd3 Bg7 6. Bc2 O-O 7. O-O Nc6 8. d4
cxd4 9. cxd4 e5 10. d5 Ne7 11. Nc3 Ne8 12. a4 h6 13. Nd2 f5 14. Nc4 f4 15. f3
g5 16. b3 h5 17. Ba3 Rf6 18. Kf2 Rg6 19. Ke2 b6 20. Qe1 Rb8 21. Bd3 a6 22. Bb4
Bf8 23. Qf2 Rg7 24. a5 b5 25. Nb6 Bb7 26. Kd2 Ng6 27. Rh1 Be7 28. Ne2 g4 29.
hxg4 hxg4 30. g3 Bg5 31. Kc2 Nf6 32. Rag1 fxg3 33. Qxg3 Nf4 34. fxg4 Nxe2 35.
Bxe2 Nxe4 36. Qh2 Nf6 37. Rf1 Qc7+ 38. Kb2 Rh7 39. Qg2 Rd8 40. Bd3 Rxh1 41.
Qxh1 Qg7 42. Bf5 Qh8 43. Be6+ Kg7 44. Qg2 Qh7 45. Rf5 Qh6 46. Bd2 Nh7 47. Rf7+
Kh8 48. Bf5 Nf6 49. Bxg5 Qxg5 50. Qh2+ Kg8 51. Be6 Bxd5 52. Nxd5 1-0

[Event "Madrid-chT 2324"]
[Site "Madrid"]
[Date "2023.12.17"]
[Round "4.3"]
[White "Moreno Ibanez, Miguel"]
[Black "Suarez Uriel, Adrian"]
[Result "0-1"]
[WhiteElo "2182"]
[BlackElo "2377"]
[PlyCount "88"]
[EventDate "2023.11.19"]
[EventType "team-tourn"]
[EventRounds "14"]
[EventCountry "ESP"]
[SourceTitle "AjedrezenMadrid"]
[Source "lmi"]
[SourceDate "2023.11.19"]
[SourceVersion "1"]
[SourceVersionDate "2024.03.19"]
[SourceQuality "1"]
[WhiteTeam "Mostoles"]
[BlackTeam "Collado Villalba"]
[WhiteTeamCountry "ESP"]
[BlackTeamCountry "ESP"]

1. e4 c5 2. Nf3 d6 3. Bb5+ Nd7 4. O-O a6 5. Bxd7+ Bxd7 6. Re1 e5 7. c3 c4 8. d4
cxd3 9. Qxd3 b5 10. Na3 Be7 11. c4 Qb8 12. Rd1 Bc6 13. cxb5 axb5 14. Bg5 f6 15.
Rac1 Qb7 16. Rxc6 Qxc6 17. Rc1 Qb7 18. Nxb5 Rc8 19. Rxc8+ Qxc8 20. Be3 Qc6 21.
Nd2 Qc1+ 22. Qf1 Qxf1+ 23. Kxf1 Kd7 24. Nc4 f5 25. Nb6+ Kc6 26. Na7+ Kb7 27.
Nbc8 fxe4 28. b4 d5 29. Bc5 Bxc5 30. bxc5 Nf6 31. c6+ Kb8 32. Nd6 Ne8 33. Nxe8
Rxe8 34. Nb5 Rc8 35. c7+ Rxc7 36. Nxc7 Kxc7 37. Ke2 d4 38. Kd2 Kb6 39. Kc2 Ka5
40. Kb3 Kb5 41. h4 h5 42. g3 Kc5 43. a3 Kb5 44. Kc2 Ka4 0-1

[Event "Madrid-chT 2324"]
[Site "Madrid"]
[Date "2023.12.16"]
[Round "4.4"]
[White "Rodriguez Lopez, David"]
[Black "Renteria Becerra, Jorge Elicer"]
[Result "1/2-1/2"]
[WhiteElo "2155"]
[BlackElo "2248"]
[PlyCount "43"]
[EventDate "2023.11.19"]
[EventType "team-tourn"]
[EventRounds "14"]
[EventCountry "ESP"]
[SourceTitle "AjedrezenMadrid"]
[Source "lmi"]
[SourceDate "2023.11.19"]
[SourceVersion "1"]
[SourceVersionDate "2024.03.19"]
[SourceQuality "1"]
[WhiteTeam "Tajamar"]
[BlackTeam "Blanco y Negro"]
[WhiteTeamCountry "ESP"]
[BlackTeamCountry "ESP"]

1. e4 e6 2. d4 d5 3. exd5 exd5 4. Bd3 Nc6 5. c3 Bd6 6. Qf3 Nge7 7. Ne2 Be6 8.
Bf4 Ng6 9. Bxd6 Qxd6 10. Qg3 O-O-O 11. Qxd6 Rxd6 12. O-O Nce7 13. Re1 Bf5 14.
Nc1 Rdd8 15. Nd2 Rhe8 16. Bxf5+ Nxf5 17. Nd3 f6 18. f3 c6 19. Kf2 Nd6 20. g3
Rxe1 21. Rxe1 Re8 22. Rxe8+ 1/2-1/2

[Event "Madrid-chT 2324"]
[Site "Madrid"]
[Date "2023.12.17"]
[Round "4.4"]
[White "Centeno Mendoza, Julio Stefano"]
[Black "Calvo Gonzalez, Jose Felix"]
[Result "1/2-1/2"]
[WhiteElo "2094"]
[BlackElo "2160"]
[PlyCount "71"]
[EventDate "2023.11.19"]
[EventType "team-tourn"]
[EventRounds "14"]
[EventCountry "ESP"]
[SourceTitle "AjedrezenMadrid"]
[Source "lmi"]
[SourceDate "2023.11.19"]
[SourceVersion "1"]
[SourceVersionDate "2024.03.19"]
[SourceQuality "1"]
[WhiteTeam "Collado Villalba"]
[BlackTeam "Mostoles"]
[WhiteTeamCountry "ESP"]
[BlackTeamCountry "ESP"]

1. e4 c5 2. c3 Nf6 3. e5 Nd5 4. Bc4 e6 5. d4 d6 6. Nf3 Nc6 7. O-O dxe5 8. dxe5
Be7 9. Qe2 Qc7 10. Rd1 Bd7 11. Bxd5 exd5 12. Rxd5 O-O-O 13. Na3 Be6 14. Rxd8+
Rxd8 15. Nb5 Bc4 16. Nd6+ Qxd6 17. Qxc4 Qd1+ 18. Qf1 Qc2 19. Ne1 Qe4 20. Nf3
Nxe5 21. Nxe5 Qxe5 22. Be3 f5 23. Re1 Qd5 24. c4 Qd3 25. Qxd3 Rxd3 26. Kf1 Kd7
27. g3 b6 28. Ke2 Rd6 29. b3 Bf6 30. h4 Bd4 31. Bf4 Re6+ 32. Kf1 Rxe1+ 33. Kxe1
Ke6 34. Ke2 Be5 35. Ke3 g6 36. Kf3 1/2-1/2